| 000 | 01256nam0a22003011 4500 | ||
|---|---|---|---|
| 001 | rc\3619760 | ||
| 005 | 20130115144145.9 | ||
| 021 |
_aRU _b[72-1917] |
||
| 035 | _a(NLR Aleph) 007820361 | ||
| 090 |
_a7741686 _c7741686 |
||
| 100 | _a20130115d1972 |||y0rusy50 ca | ||
| 101 | 0 | _arus | |
| 102 | _aRU | ||
| 105 | _aa z ||||| | ||
| 200 | 1 |
_aОпределение мест повреждения линий электропередачи по параметрам аварийного режима _fПод ред. Г.М. Шалыта |
|
| 210 |
_aМосква _cЭнергия _d1972 |
||
| 215 |
_a215 с. _cчерт. _d20 |
||
| 300 | _aПеред загл. авт.: А.С. Малый, Г.М. Шалыт, А.И. Айзенфельд | ||
| 320 | _aСписок лит.: с. 208-213 (100 назв.) | ||
| 606 |
_aЭлектрические линии передачи _xПовреждения _xОпределение _2psbo |
||
| 700 | 1 |
_aМалый _bА. С. _gАбрам Семенович |
|
| 701 | 1 |
_aШалыт _bГ. М. _gГерман Михайлович |
|
| 701 | 1 |
_aАйзенфельд _bА. И. _gАбрам Иосифович |
|
| 801 | 0 |
_aRU _bNLR _gpsbo |
|
| 801 | 1 |
_aRU _bELAR _2rusmarc |
|
| 852 |
_aNLR _j72-3/1334 |
||
| 942 | _cBOOK | ||
| 980 | _aNB | ||